1164 1812 1407 1715 1364 1151 1879 1391 1118 1140 1384 1908 1287 1014 1180 1993 1146 1586 1115 1749 1373 1165 1451 1116 1283 1908 1972 1944 1291 1762 1849 1817 1560 1549 1704 1154 1198 1328 1877 1218 1702 1828 1942 1933 1729 1705 1449 1573 1925 1685 1420 1705 1159 1268 1477 1196 1612 1853 1795 1786 1479 1100 1011 1938 1796 1565 1462 1835 1302 1658 1589 1959 1879 1754 1596 1196 1030 1004 1971 1979 1565 1983 1813 1650 1920 1895 1162 1709 1665 1714 1003 1337 1208 1076 1284 1946 1599 1877 1746 BCNSPRNW ULIB Ver.6.0+V

เปลี่ยนเป็นภาษาไทย

Change to English
 แสดงรายละเอียดบรรณานุกรม
  กลับหน้าหลัก

Brief Record : Get Marc (ISO 2709) : E-mail record : QR code < ปิดหน้าต่าง
LEADER : 00000nam 2200000uu 4500
001    13399126191
003     ULIB
008    180715s2000||||th 000 0 tha d
020    ^a9780521775311
050 00 ^aPE1128^bC172^cV.2
245 10 ^aCambridge practice tests for IELTS 2
260    ^aCambridge :^bCambridge University Press,^c2000
300    ^a172 p.:^bill. ;^c25 cm.
650 00 ^aInternational English Language Testing System.
650 00 ^aEnglish language^xExaminations, questions, etc.
650 00 ^aEnglish language^xTextbooks for foreign speakers
945    ^p0^l0^i26409
999    ^aกัณชพร จุลอักษร
รายการนี้ยังไม่มีแท็ก
คุณยังไม่ได้ล็อกอิน คุณสามารถมีกิจกรรมร่วมกับเว็บไซต์ได้ แต่ต้องล็อกอินก่อน ::
  ล็อกอิน

รายการสื่อสารสนเทศ

ลำดับที่ ประเภท เลขเรียก/บาร์โค้ด สถานที่ สถานะ
1. วิทยาศาสตร์การแพทย์ และสุขภาพ
วิทยาศาสตร์การแพทย์ และสุขภาพ
PE1128 C172 V.2 ฉ.1 
  Barcode: 26409
ห้องสมุดวิทยาเขตนครสวรรค์
►หนังสือทั่วไป:l:General Books
บนชั้น

รายการใกล้เคียง
    ชื่อเรื่อง [Cambridge practice tests for IELTS 2]

    หัวเรื่อง [International English Language Testing System.]

BibComment


ยังไม่เคยถูกคอมเมนท์

คอมเมนท์ทรัพยากรรายการนี้
  คอมเมนท์: Cambridge practi..


 Copyright 2026. Bcnsprnw @Library